00489pab a2200181 454500008004000000100002000040245004400060260000900104300000900113362001000122650002600132650001600158650001800174773001200192909001000204999001700214952007600231180718b2002 xxu||||| |||| 00| 0 eng d aSingh, Joginder aThe Kafkaesque labyrinth of officialdom c2002 ap.6. a4 Mar aPublic administration aBureaucracy aCivil service aPioneer a52687 c52687d52687 00104070aIIPAbIIPAd2018-07-19pAR53117r2018-07-19w2018-07-19yAR